000 00690nam a2200205Ii 4500
003 JO-AjNU
008 230605s9999||||xx |||||||||||||| ||und||
040 _aJO-AjNU
_bara
_erda
_cJO-AjNU
041 _aara
050 1 4 _aPJ6127 1987
100 3 _aالنجار، فاطمة,
_eauthor
_934749
245 0 0 _aالموجه في الإملاء: دروس إملائية بتخطيط تربوي سليم
250 _aط2
264 3 1 _aجدة: دار البيان العربي، 1987
300 _a199ص
336 _atext
_btxt
_2rdacontent
337 _aunmediated
_bn
_2rdamedia
338 _avolume
_bnc
_2rdacarrier
650 4 _aقواعد واملاء - اللغة العربية
_934750
999 _aA14279
_c17847
_d17847